000
00353nam a2200169Ia 4500
100
_a
#N/A
650
_a
Computers
250
_a
3
942
_c
BK
654
_a
PROGRAMMING
245
_a
8086 FAMILY DESIGN PROGRAMMING
260
_b
PRINTICE HALL
_a
nEW DELHHI
_c
1980
082
_a
005/UFF
_b
UFF
300
_a
335
546
_a
ENGLISH
999
_c
35601
_d
35601